000 00547cam a2200181 4500
001 4984
005 20181127174538.0
008 980415s1998 azua b 001 0 eng
010 _a 98023466
020 _a8170173896
100 1 _aSjoman, N.E.
245 1 4 _aThe yoga tradition :
_bof the Mysore palace /
_cN.E. Sjoman.
260 _aNew Delhi :
_bAbhinav publication,
_c1999.
300 _a124 p. :
_bill. ;
_c28 cm.
504 _aIncludes bibliographical references (p. 117-124) and index.
650 0 _aYoga.
999 _c4156
_d4156